<?xml version="1.0" encoding="UTF-8"?>
<marc:record xmlns:marc="http://www.loc.gov/MARC21/slim">
   <marc:leader>00000nam a2200000 a 4500</marc:leader>
   <marc:datafield ind1="1" ind2=" " tag="100">
      <marc:subfield code="a">Cerachowitz, Claudia</marc:subfield>
      <marc:subfield code="4">aut</marc:subfield>
      <marc:subfield code="e">Verfasser/-in</marc:subfield>
   </marc:datafield>
   <marc:datafield ind1=" " ind2=" " tag="653">
      <marc:subfield code="a">Musikerziehung</marc:subfield>
   </marc:datafield>
   <marc:datafield ind1=" " ind2=" " tag="653">
      <marc:subfield code="a">Musizieren</marc:subfield>
   </marc:datafield>
   <marc:datafield ind1=" " ind2=" " tag="653">
      <marc:subfield code="a">Musik</marc:subfield>
   </marc:datafield>
   <marc:datafield ind1=" " ind2=" " tag="653">
      <marc:subfield code="a">Musikpädagogik</marc:subfield>
   </marc:datafield>
   <marc:datafield ind1=" " ind2=" " tag="653">
      <marc:subfield code="a">Musikunterricht</marc:subfield>
   </marc:datafield>
   <marc:datafield ind1=" " ind2=" " tag="653">
      <marc:subfield code="a">Schulmusik</marc:subfield>
   </marc:datafield>
   <marc:datafield ind1=" " ind2=" " tag="653">
      <marc:subfield code="a">Instrumentalpädagogik</marc:subfield>
   </marc:datafield>
   <marc:datafield ind1=" " ind2=" " tag="653">
      <marc:subfield code="a">Softcover / Musik/Instrumentenunterricht</marc:subfield>
   </marc:datafield>
   <marc:datafield ind1=" " ind2=" " tag="653">
      <marc:subfield code="a">Hochschulschrift</marc:subfield>
   </marc:datafield>
   <marc:datafield ind1="0" ind2="0" tag="245">
      <marc:subfield code="a">Musizieren - Zentrum des Musiklernens in der Schule</marc:subfield>
   </marc:datafield>
   <marc:datafield ind1="0" ind2="0" tag="245">
      <marc:subfield code="b">Modelle, Analysen, Perspektiven</marc:subfield>
   </marc:datafield>
   <marc:datafield ind1="0" ind2="0" tag="245">
      <marc:subfield code="c">Claudia Cerachowitz</marc:subfield>
   </marc:datafield>
   <marc:datafield ind1=" " ind2="1" tag="264">
      <marc:subfield code="a">Augsburg</marc:subfield>
      <marc:subfield code="b">Wißner</marc:subfield>
      <marc:subfield code="c">2012</marc:subfield>
   </marc:datafield>
   <marc:datafield ind1="1" ind2=" " tag="490">
      <marc:subfield code="a">Forum Musikpädagogik</marc:subfield>
      <marc:subfield code="v">Bd. 111 : Augsburger Schriften</marc:subfield>
   </marc:datafield>
   <marc:datafield ind1="1" ind2=" " tag="520">
      <marc:subfield code="a">Angaben aus der Verlagsmeldung

Musizieren - Zentrum des Musiklernens in der Schule : Modelle - Analysen - Perspektiven / von Claudia Cerachowitz

"Musizieren als Zentrum des Musiklernens in der Schule" - dies ist die grundlegende These der vorliegenden Arbeit. Ihr Inhalt ist es, die vielfältigen Ansätze bzw. Modelle des Musizierens zu analysieren und in einem Konzept des "zirkulären Musikunterrichtes" weiterzuentwickeln. Dies erfolgt in drei Schritten: Zunächst wird aus verschiedenen Blickwinkeln nach möglichen Begründungen dafür gefragt, warum Musizieren als zentraler Weg des Musiklernens zu sehen ist. Dabei geht es um Belege für etwas aus der Erfahrung Offensichtliches. Zudem wird die Bedeutung des Musizierens in einer Reihe musikdidaktischer Modelle untersucht. Die Frage dazu ist, warum das Musizieren lange Zeit nicht im Mittelpunkt des Musikunterrichtes der Schule stand. In einem zweiten Schritt werden zehn Postulate formuliert, die Leitlinien für einen "zirkulären Musikunterricht" darstellen, in dessen Zentrum das Musizieren steht. Aus dieser Perspektive heraus werden aktuelle Modelle des Musizierens in der Schule und außerhalb untersucht, so z. B. "Jedem Kind ein Instrument", aber auch "El Sistema" oder "Connect". Ziel ist zu klären, ob und wie differenziert und unterschiedlich gewichtet die Postulate bereits umgesetzt werden. Die Ergebnisse daraus zeigen Entwicklungsfelder für die weitere konzeptionelle Erarbeitung eines umfassenden Konzeptes auf. Somit befasst sich diese Arbeit mit einer Schnittstelle von Schulmusik und Instrumentalpädagogik und unterstreicht die Bedeutung einer verstärkten Zusammenarbeit dieser Disziplinen.
</marc:subfield>
   </marc:datafield>
   <marc:datafield ind1=" " ind2=" " tag="020">
      <marc:subfield code="a">9783896398420</marc:subfield>
      <marc:subfield code="9">9783896398420</marc:subfield>
   </marc:datafield>
   <marc:datafield ind1=" " ind2=" " tag="041">
      <marc:subfield code="a">ger</marc:subfield>
   </marc:datafield>
   <marc:datafield ind1=" " ind2=" " tag="300">
      <marc:subfield code="a">210 S.</marc:subfield>
   </marc:datafield>
</marc:record>
